Le socialisme á l’étranger (Record no. 172149)

MARC details
000 -LEADER
campo de control de longitud fija 00816nam a22002175i 4500
001 - NÚMERO DE CONTROL
campo de control 172149
003 - IDENTIFICADOR DE NÚMERO DE CONTROL
campo de control ES-MaACL
005 - FECHA Y HORA DE LA ÚLTIMA TRANSACCIÓN
campo de control 20250727062618.0
008 - DATOS DE LONGITUD FIJA--INFORMACIÓN GENERAL
campo de control de longitud fija 090616s1909 fr |||| | fre d
245 03 - MENCIÓN DEL TÍTULO
Título Le socialisme á l’étranger
Resto del título : Angleterre, Allemagne, Autriche, Italie, Espagne, Hongrie, Russie, Japon, Etats-Unis /
Mención de responsabilidad, etc. [par] J. Bardoux ... [et al.] ; avec une préface de M. Anatole Leroy-Beaulieu et une conclusion de M. Jean Bourdeau.
260 ## - PUBLICACIÓN, DISTRIBUCIÓN, ETC.
Lugar de publicación, distribución, etc. Paris :
Nombre del editor, distribuidor, etc. F. Alcan,
Fecha de publicación, distribución, etc. 1909.
300 ## - DESCRIPCIÓN FÍSICA
Extensión VII, 420 p. ;
Dimensiones 19 cm.
504 ## - NOTA DE BIBLIOGRAFÍA, ETC.
Nota de bibliografía, etc. Bibliografía.
650 17 - PUNTO DE ACCESO ADICIONAL DE MATERIA--TÉRMINO DE MATERIA
Término de materia o nombre geográfico como elemento de entrada Socialismo
Fuente del encabezamiento o término embne
9 (RLIN) 17147
700 1# - ENTRADA AGREGADA--NOMBRE PERSONAL
Nombre de persona Bourdeau, Jean.
9 (RLIN) 30955
700 0# - ENTRADA AGREGADA--NOMBRE PERSONAL
Nombre de persona Bardoux, Jacques.
9 (RLIN) 25598
700 0# - ENTRADA AGREGADA--NOMBRE PERSONAL
Nombre de persona Leroy-Beaulieu, Anatole.
9 (RLIN) 71809
852 ## - LOCALIZACIÓN
Ubicación ES-MaACL
Número de control de estantería G-7389
852 ## - LOCALIZACIÓN
Ubicación ES-MaACL
Número de control de estantería D-5044
Holdings
Estatus retirado Estado de pérdida Estado de daño No para préstamo Biblioteca de origen Biblioteca actual Ubicación en estantería Fecha de adquisición Fuente de adquisición Total de préstamos Signatura topográfica completa Código de barras Visto por última vez Precio de reemplazo Tipo de ítem Koha
        Biblioteca del Ateneo de Madrid Biblioteca del Ateneo de Madrid Depósito 2 16/06/2009     G-7389 1180658 23/02/2023 23/02/2023 Libro impreso
        Biblioteca del Ateneo de Madrid Biblioteca del Ateneo de Madrid Sala Valle Inclán 16/06/2009     D-5044 901180657 23/02/2023 23/02/2023 Libro impreso